Pest management in plantation crops (Record no. 64836)

MARC details
000 -LEADER
fixed length control field 00401nam a2200133Ia 4500
100 ## - MAIN ENTRY--AUTHOR NAME
Personal name Muraleedharan N
245 #0 - TITLE STATEMENT
Title Pest management in plantation crops
260 ## - PUBLICATION, DISTRIBUTION, ETC. (IMPRINT)
Name of publisher Placrosym VII, Coonoor, 1986. Journal of Plantation Crops, 16(Supplement):149-158
650 ## - SUBJECT ADDED ENTRY--TOPICAL TERM
Topical Term Biocontrol agents
650 ## - SUBJECT ADDED ENTRY--TOPICAL TERM
Topical Term Crop loss
650 ## - SUBJECT ADDED ENTRY--TOPICAL TERM
Topical Term Pest management
942 ## - ADDED ENTRY ELEMENTS (KOHA)
Koha item type Journals
Holdings
Withdrawn status Lost status Damaged status Not for loan Home library Current library Date acquired Koha item type
      Journals RRII Library RRII Library 17/12/2021 Journals